Szczegóły MARC21

In bröckelndem Lehm festgebissen : Franz Kafkas Studie "Die Brücke" - Bedeutungspotential und Perspektiven literarischen Lernens /

003 -Nazwa inst., której nr kontr. jest w polu 001 [,]
    • @
    • Nazwa instytucji, której n kontrolny jest w polu 001
    • NUKAT
005 -DATA I CZAS OSTATNIEJ MODYFIKACJI [,]
    • @
    • pole kontrolne
    • 20241231105024.0
020 -Międzynarod. znormalizowany nr książki - ISBN [ , ]
    • a
    • Numer ISBN
    • 9783834006042 Find
040 -Instytucja sporządzająca opis [ , ]
    • a
    • Instytucja, która sporządziła opis (NP)
    • SZCZ U/KP
    • b
    • Język katalogowania
    • pol
    • e
    • Zasady katalogowania
    • rda
    • c
    • Instytucja, która sporządziła rekord (NP)
    • SZCZ U/KPs
942 -Rodzaj dokumentu [ , ]
    • c
    • Rodzaj dokumentu
    • Książka
100 -Hasło główne - nazwa osobowa [1, ]
    • a
    • Nazwa osobowa (NP)
    • Härle, Gerhard
    • d
    • Daty biograficzne (NP)
    • (1949- ).
    • e
    • Rodzaj współpracy
    • Autor
    • 9
    • KHW
    • 494424
245 -Strefa tytułu i oznaczenia odpowiedzialności [1,0]
    • a
    • Tytuł
    • In bröckelndem Lehm festgebissen : Find
    • b
    • Ciąg dalszy tytułu (NP)
    • Franz Kafkas Studie "Die Brücke" - Bedeutungspotential und Perspektiven literarischen Lernens / Find
    • c
    • Pozostałe elementy strefy tytułu i oznaczenia odpowiedzialności (NP)
    • Gerhard Härle, Felix Heizmann.
260 -Strefa adresu wydawniczego [ , ]
    • a
    • Miejsce wydania (P)
    • Baltmannsweiler :
    • b
    • Nazwa wydawcy (P)
    • Schneider Verlag Hohengehren,
    • c
    • Data wydania (P)
    • 2009.
300 -Strefa opisu fizycznego [ , ]
    • a
    • Określenie formy książki i/lub objętość (NP)
    • 123 strony ;
    • c
    • Format (NP)
    • 21 cm.
336 -Typ zawartości [ , ]
    • a
    • Termin opisujący typ zawartości
    • Tekst
    • b
    • Kod określający zawartość
    • txt
    • 2
    • Źródło (terminu i kodu)
    • rdacontent
337 -Typ mediów [ , ]
    • a
    • Tryb odtwarzania
    • Bez urządzenia pośredniczącego
    • b
    • Kod typu mediów
    • n
    • 2
    • Źródło (terminu i kodu)
    • rdamedia
338 -Typ/rodzaj nośnika [ , ]
    • a
    • Hasło opisujące typ nośnika
    • Wolumin
    • b
    • Kod typu nośnika
    • nc
    • 2
    • Źródło (terminu i kodu)
    • rdacarrier
504 -Uwaga dot. bibliogr. załącznikowej [ , ]
    • a
    • Uwaga dot. bibliografii załącznikowej
    • Bibliografia na stronach 90-96.
600 -Hasło przedmiotowe w formie nazwy osobowej [1,7]
    • a
    • Nazwa osobowa
    • Kafka, Franz
    • d
    • Daty związane z nazwą
    • (1883-1924).
    • t
    • Tytuł
    • Brücke
    • 2
    • Źródło terminu
    • kaba
    • 9
    • KHW
    • 496881
600 -Hasło przedmiotowe w formie nazwy osobowej [1,7]
    • a
    • Nazwa osobowa
    • Kafka, Franz
    • d
    • Daty związane z nazwą
    • (1883-1924)
    • x
    • Określnik rzeczowy
    • krytyka i interpretacja
    • v
    • Określnik formalny
    • rozprawy akademickie.
    • 2
    • Źródło terminu
    • kaba
    • 9
    • KHW
    • 498036
700 -Hasło dodatkowe - nazwa osobowa [1, ]
    • a
    • Nazwa osobowa (NP)
    • Heizmann, Felix Find
    • d
    • Daty biograficzne (NP)
    • (1983- ).
    • e
    • Określenie rodzaju współpracy
    • Autor
    • 9
    • KHW
    • 496766
710 -Hasło dodatkowe - nazwa ciała zbiorowego [2, ]
    • a
    • Nazwa ciała zbiorowego lub nazwa geograficzna jako pierwszy element (NP)
    • Schneider Verlag Hohengehren.
    • e
    • Rodzaj współpracy
    • Wydawca
    • 4
    • Kod relacji
    • pbl
    • 9
    • KHW
    • 95919
920 -ISBN [ , ]
    • a
    • ISBN
    • 978-3-8340-0604-2 Find
Sygnatura Lokalizacja Data inwentaryzacji Status udost. Numer inwentarzowy
Germ. Literaturozn. - Kafka 21BM2019-02-04-3G.19742